| 000 | 00447nam a2200157Ia 4500 | ||
|---|---|---|---|
| 999 |
_c18762 _d18762 |
||
| 003 | OSt | ||
| 005 | 20200702115202.0 | ||
| 008 | 190216s9999||||xx |||||||||||||| ||und|| | ||
| 040 | _coclc | ||
| 082 |
_a922.92 _bAIY/A |
||
| 100 |
_aAiyer, C P Ramaswami _93452 |
||
| 245 | 0 |
_aAnnie Besant / _cC P Ramaswami Aiyer |
|
| 260 |
_bPublications Division, _c1959. |
||
| 300 | _a152p | ||
| 942 |
_cBK _2ddc _h922.92 _iAIY/A _k922.92 _mAIY/A |
||